000 00669nam a2200241Ia 4500
003 OSt
005 20221007103654.0
006 a|||||r|||| 00| 0
007 ta
008 221006b |||||||| |||| 00| 0 eng d
024 _a13,708
037 _cTextual
040 _aLCO
_cLCO
_beng
041 _2eng
_aeng
082 _aZ3,53,52, K8
100 _aStoljar S.J.
245 0 _aMistake and Misrepresention
_b Study in Contractual Principles
260 _aLondon
_bSweet & Maxwell
_c1968
300 _a159
650 _aMISTAKE AND MISREPRESENTATION
_9705437
942 _hZ3,53,52, K8
_cTEXL
999 _c1183271
_d1183271